000 00888nam a22001937a 4500
999 _c5941
_d5941
005 20251204082243.0
008 251204b ||||| |||| 00| 0 eng d
020 _a9781760655174
040 _cKH8
082 _a741.5 MIL
100 _aMILLER,KAYLA
_eAUTHOR
245 _aCLASH
260 _aLocked Bag 22,Newton,NSW 2042 Australia
_bWalker Books Australia Pty Ltd
_c2022
300 _a207 pages
_bColour illustration
_c14 cm x 20 cm
520 _aThere's a new kid in town! From the moment Natasha sets foot in class, it's clear she's one of the coolest kids in sixth grade. Everyone wants to be her friend, including Olive...but things might not be so easy. Olive tries her best to befriend Nat, but it seems like the only thing they have in common is that they both want to hang out with Olive's friends!
650 _aJuvenile Fiction
655 _aFriendship
942 _2ddc
_cGN